header

Leadership in disaster (Record no. 104805)

MARC details
000 -LEADER
fixed length control field 01323nam a2200325Ia 4500
100 1# - MAIN ENTRY--AUTHOR NAME
Personal name Murphy, Raymond,
245 10 - TITLE STATEMENT
Title Leadership in disaster
260 ## - PUBLICATION, DISTRIBUTION, ETC. (IMPRINT)
Place of publication Montreal :
Name of publisher McGill-Queen's University Press,
Year of publication c2009.
300 ## - PHYSICAL DESCRIPTION
Number of Pages viii, 406 p. :
Other physical details maps.
650 #0 - SUBJECT ADDED ENTRY--TOPICAL TERM
Topical Term Climatic changes
Topical Term Climatic changes
Topical Term Emergency management
Topical Term Ice storms
Topical Term Ice storms
Topical Term Leadership.
856 40 - ELECTRONIC LOCATION AND ACCESS
Uniform Resource Identifier http://site.ebrary.com/lib/rucke/Doc?id=10359541

No items available.

© 2026 Rongo University
Contact us: librarian | system librarian | Rongo university